Entry Nombre personal
001 - NÚMERO DE CONTROL
- campo de control: 158750
003 - IDENTIFICADOR DE NÚMERO DE CONTROL
- campo de control: SpMaBN
005 - FECHA Y HORA DE LA ÚLTIMA TRANSACCIÓN
- campo de control: 20240419160616.0
008 - ELEMENTOS DE DATO DE LONGITUD-FIJA
- campo de control de longitud fija: 920725nn ainnnaabn n aac
016 ## - NÚMERO DE CONTROL DE UNA AGENCIA BIBLIOGRÁFICA NACIONAL
- Número de control del registro: BNE19995724008
040 ## - FUENTE DE CATALOGACIÓN
- Centro catalogador/agencia de origen: SpMaBN
- Lengua de catalogación: spa
- Centro/agencia transcriptor: SpMaBN
- Normas de descripción: rdc
- Convención/Normas de encabezamiento de materia/tesauro: embne
046 ## - FECHAS CON CODIFICACIÓN ESPECIAL
- Fecha de nacimiento: 1856
- Fecha de la muerte: 1920
100 1# - ENCABEZAMIENTO-NOMBRE DE PERSONA
- Nombre de persona: Moya, Miguel,
- Fechas asociadas al nombre: 1856-1920
373 ## - GRUPO ASOCIADO
- Grupo asociado: Ateneo de Madrid
- Fuente de información: Cargos históricos del Ateneo de Madrid, 1835-1936
375 ## - GÉNERO/SEXO
- Género: Masculino
400 1# - TRAZADO DE VÉASE--NOMBRE DE PERSONA
- Nombre de persona: Moya Ojanguren, Miguel,
- Fechas asociadas al nombre: 1856-1920
670 ## - FUENTE DE DATOS ENCONTRADOS
- Cita de la fuente: ABEP, I 641,360;IV 430,106
- Información encontrada: (Moya, Miguel; periodista y político nacido en 1856 y fallecido en 1920
678 ## - DATOS BIOGRÁFICOS O HISTÓRICOS
- Datos biográficos o históricos: Socio del Ateneo de Madrid n. 3869; ingresó en 1877 y permaneció toda su vida
- Ampliación de la nota: Fuente: Cargos históricos del Ateneo de Madrid, 1835-1936
